00418cam a2200181ua 45000010005000000080039000050200015000440400009000590410008000680820011000761000025000872450035001122500009001472600036001563000010001926530016002026530018002187446141211n ii |||gr||||Z||||||ben a8175221917 cMAIN aben a782.42 aTagore, R.,eAuthor. aBalakacBy Rabindranath Tagore a4th. aKolkatta:bBiswabharati,c1984. a183p. aVocal music aBengali songs